000
00352pam a2200157a 44500
008
230515b2001 xxu||||| |||| 00| 0 eng d
020
_a
NULL
041
_a
ENGLISH
082
_a
0
100
_a
BHATTACHARYYA B C
245
_a
CHEMICAL EQUIPMENT DESIGN
250
_a
0
260
_a
_b
C B S PUBLICATION
_c
2001
300
_a
298P
650
_a
NULL
999
_c
593757
_d
593757